| 000 | 00318nam a22001097a 4500 | ||
|---|---|---|---|
| 008 | 160425b xxu||||| |||| 00| 0 eng d | ||
| 020 | _aNursing care of infants and children | ||
| 041 | _aeng | ||
| 080 | _a618.2 | ||
| 245 |
_aNursing care of infants and children: _cMarilyn J. Hockenberry; David Wilson; |
||
| 942 |
_2udc _cBK |
||
| 999 |
_c1570 _d1570 |
||